[Event "Moscow op-A 14th"]
[Site "Moscow"]
[Date "2018.02.03"]
[Round "8"]
[White "Efremov, Vladislav"]
[Black "Kirushin, Ivan"]
[Result "1-0"]
[WhiteElo "1995"]
[BlackElo "1842"]
[PlyCount "75"]
[EventDate "2018.01.27"]
[EventType "swiss"]
[EventRounds "9"]
[EventCountry "RUS"]
[SourceTitle "CBM 182 Extra"]
[Source "ChessBase"]
[SourceDate "2018.02.23"]
[SourceVersion "1"]
[SourceVersionDate "2018.02.23"]
[SourceQuality "1"]

1. d4 d5 2. c4 c6 3. Nf3 Nf6 4. e3 Bf5 5. Nc3 e6 6. Nh4 Bg6 7. Nxg6 hxg6 8. Qb3 Qc7 9. g3 Be7 10. Bg2 Nbd7 11. 0-0 Nb6 12. c5 Nbd7 13. Bd2 b6 14. cxb6 axb6 15. Rfc1 c5 16. e4 dxe4 17. Nxe4 Nxe4 18. Bxe4 Rc8 19. Be3 0-0 20. Bf3 e5 21. dxc5 Nxc5 22. Qb5 Qd6 23. Rd1 Qf6 24. Bg2 Rb8 25. Rac1 e4 26. Bf1 Ne6 27. Rc4 Bc5 28. Rxe4 Qf3 29. Qa4 Ra8 30. Bg2 Rxa4 31. Bxf3 Rxa2 32. Rd2 Bxe3 33. Rxe3 Rc8 34. h4 Nc5 35. Rc3 Kf8 36. Kg2 Re8 37. Rc4 Re5 38. Rb4 1-0

[Event "Moscow op-A 14th"]
[Site "Moscow"]
[Date "2018.01.27"]
[Round "1"]
[White "Lesovoi, Evgenij"]
[Black "Kirushin, Ivan"]
[Result "1-0"]
[WhiteElo "2312"]
[BlackElo "1842"]
[PlyCount "43"]
[EventDate "2018.01.27"]
[EventType "swiss"]
[EventRounds "9"]
[EventCountry "RUS"]
[SourceTitle "CBM 182 Extra"]
[Source "ChessBase"]
[SourceDate "2018.02.23"]
[SourceVersion "1"]
[SourceVersionDate "2018.02.23"]
[SourceQuality "1"]

1. Nf3 Nf6 2. c4 c6 3. e3 d5 4. Nc3 e6 5. d4 Bd6 6. Bd3 Nbd7 7. 0-0 0-0 8. e4 dxe4 9. Nxe4 Nxe4 10. Bxe4 Nf6 11. Bc2 h6 12. Qd3 c5 13. Rd1 Qc7 14. b3 Rd8 15. Bb2 cxd4 16. Bxd4 Bc5 17. Qc3 Bxd4 18. Rxd4 b6 19. Rxd8+ Qxd8 20. Rd1 Qc7 21. Qe5 Qxe5 22. Rd8+ 1-0

[Event "St Petersburg Summer op"]
[Site "St Petersburg"]
[Date "2017.08.24"]
[Round "9"]
[White "Efremov, Vladislav"]
[Black "Kirushin, Ivan"]
[Result "1/2-1/2"]
[WhiteElo "1970"]
[BlackElo "1785"]
[PlyCount "82"]
[EventDate "2017.08.16"]
[EventType "swiss"]
[EventRounds "9"]
[EventCountry "RUS"]
[SourceTitle "CBM 180 Extra"]
[Source "ChessBase"]
[SourceDate "2017.10.06"]
[SourceVersion "1"]
[SourceVersionDate "2017.10.06"]
[SourceQuality "1"]

1. d4 d5 2. c4 c6 3. Nf3 Nf6 4. e3 Bf5 5. Nc3 e6 6. Nh4 Bg6 7. Qb3 Qb6 8. Nxg6 hxg6 9. Bd2 Nbd7 10. 0-0-0 Be7 11. Be2 0-0-0 12. h3 g5 13. Qa4 c5 14. cxd5 exd5 15. dxc5 Nxc5 16. Qb5 Qc7 17. Bf3 a6 18. Qe2 Rd6 19. Kb1 Kb8 20. Rc1 Qb6 21. Rc2 Ka7 22. Rhc1 Nfe4 23. Be1 Rhd8 24. g3 f5 25. Bg2 d4 26. exd4 Rxd4 27. f3 Nxc3+ 28. Bxc3 R4d7 29. Qe3 Nd3 30. Qxb6+ Kxb6 31. Rd1 Nb4 32. Rxd7 Rxd7 33. Rd2 Rxd2 34. Bxd2 Nc6 35. Kc2 Bf6 36. Be3+ Kc7 37. a3 Kd7 38. Bf1 Nd4+ 39. Bxd4 Bxd4 40. Bd3 Ke6 41. g4 fxg4 1/2-1/2

[Event "St Petersburg Summer op"]
[Site "St Petersburg"]
[Date "2017.08.16"]
[Round "1"]
[White "Klukin, Kirill"]
[Black "Kirushin, Ivan"]
[Result "1-0"]
[WhiteElo "2236"]
[BlackElo "1785"]
[PlyCount "117"]
[EventDate "2017.08.16"]
[EventType "swiss"]
[EventRounds "9"]
[EventCountry "RUS"]
[SourceTitle "CBM 180 Extra"]
[Source "ChessBase"]
[SourceDate "2017.10.06"]
[SourceVersion "1"]
[SourceVersionDate "2017.10.06"]
[SourceQuality "1"]

1. Nf3 d5 2. d4 Nf6 3. c4 c6 4. e3 Bf5 5. Nc3 e6 6. Nh4 Bg6 7. Qb3 Qb6 8. Nxg6 hxg6 9. Bd2 Nbd7 10. f4 Be7 11. c5 Qxb3 12. axb3 a6 13. Bd3 0-0-0 14. Ke2 Ne8 15. Raf1 f5 16. Na2 Nef6 17. Nb4 Rh7 18. Ra1 Nb8 19. Kf3 Rdh8 20. h3 Nfd7 21. Rhg1 Bd8 22. Bf1 Nf6 23. Nd3 Bc7 24. Be1 Kd7 25. Rc1 Ke7 26. Rc2 Kf7 27. g4 Nbd7 28. Bf2 Ne4 29. Ne1 Ba5 30. Nd3 Bd8 31. Ke2 Bh4 32. Bxh4 Rxh4 33. gxf5 gxf5 34. Ne1 R4h6 35. Nf3 Rg6 36. Rxg6 Kxg6 37. Ke1 Kf6 38. Rh2 g6 39. Bd3 Ng3 40. Rg2 Nh5 41. Be2 Ng7 42. Ng5 Nh5 43. Bxh5 Rxh5 44. Kd2 Nf8 45. Kc3 Nh7 46. Nxh7+ Rxh7 47. Rg3 Rh6 48. Kb4 Ke7 49. Ka5 Kd7 50. Kb6 Kc8 51. h4 Rxh4 52. Rxg6 Rh3 53. Rxe6 Rf3 54. Re8+ Kd7 55. Rb8 Rxe3 56. Rxb7+ Kc8 57. Rf7 Re4 58. Kxc6 Kd8 59. Rxf5 1-0

[Event "RUS-chT U14"]
[Site "Sochi"]
[Date "2017.05.08"]
[Round "7.5"]
[White "Shubin, Kirill"]
[Black "Kirushin, Ivan"]
[Result "1-0"]
[WhiteElo "2287"]
[BlackElo "1640"]
[PlyCount "55"]
[EventDate "2017.05.01"]
[EventType "team-tourn"]
[EventRounds "9"]
[EventCountry "RUS"]
[SourceTitle "CBM 178 Extra"]
[Source "ChessBase"]
[SourceDate "2017.06.22"]
[SourceVersion "1"]
[SourceVersionDate "2017.06.22"]
[SourceQuality "1"]

1. e4 c5 2. Nf3 e6 3. d4 cxd4 4. Nxd4 Nf6 5. Nc3 Nc6 6. Nxc6 bxc6 7. Bd3 Qc7 8. 0-0 d5 9. Qe2 Be7 10. f4 Bb7 11. Kh1 Nd7 12. Be3 Bc5 13. exd5 cxd5 14. Bxc5 Qxc5 15. f5 e5 16. Bb5 f6 17. Rad1 0-0-0 18. Nxd5 Bxd5 19. b4 Qxb4 20. Ba6+ Kc7 21. Rxd5 Nb6 22. Rb5 Qd4 23. Qf3 e4 24. Qg3+ Kc6 25. Qxg7 Rb8 26. Rbb1 Rbg8 27. Qe7 e3 28. Bb5+ 1-0

[Event "RUS-chT U14"]
[Site "Sochi"]
[Date "2017.05.04"]
[Round "4.3"]
[White "Kirushin, Ivan"]
[Black "Babakekhyan, Artem"]
[Result "1-0"]
[WhiteElo "1640"]
[BlackElo "1924"]
[PlyCount "87"]
[EventDate "2017.05.01"]
[EventType "team-tourn"]
[EventRounds "9"]
[EventCountry "RUS"]
[SourceTitle "CBM 178 Extra"]
[Source "ChessBase"]
[SourceDate "2017.06.22"]
[SourceVersion "1"]
[SourceVersionDate "2017.06.22"]
[SourceQuality "1"]

1. d4 Nf6 2. Nf3 g6 3. e3 Bg7 4. Bd3 d5 5. b3 0-0 6. Bb2 b6 7. Nbd2 Bb7 8. 0-0 Nbd7 9. c4 c5 10. Rc1 e6 11. Bb1 a6 12. Ne5 Nxe5 13. dxe5 Nd7 14. f4 b5 15. e4 Qb6 16. exd5 exd5 17. cxd5 Bxd5 18. Be4 Bxe4 19. Nxe4 Rfd8 20. Nd6 Nf8 21. Qf3 Ra7 22. Ba1 Ne6 23. f5 gxf5 24. Qxf5 Rf8 25. Ne4 Nd4 26. Bxd4 cxd4 27. Nf6+ Bxf6 28. exf6 Kh8 29. Qg4 d3+ 30. Kh1 Qxf6 31. Rxf6 d2 32. Rd1 Re7 33. h3 Rg8 34. Qf3 Re1+ 35. Kh2 Rge8 36. Rxd2 b4 37. Rxf7 R1e6 38. Rf8+ Kg7 39. Qf7+ Kh6 40. Rxe8 Rg6 41. Rd7 a5 42. Qf4+ Rg5 43. Re6+ Kh5 44. Rxh7# 1-0

[Event "EU-ch U10 26th"]
[Site "Prague"]
[Date "2016.08.26"]
[Round "8"]
[White "Kirushin, Ivan"]
[Black "Rozen, Eytan"]
[Result "1/2-1/2"]
[WhiteElo "1571"]
[BlackElo "1702"]
[PlyCount "77"]
[EventDate "2016.08.18"]
[EventType "swiss"]
[EventRounds "9"]
[EventCountry "CZE"]
[SourceTitle "CBM 174 Extra"]
[Source "ChessBase"]
[SourceDate "2016.10.10"]
[SourceVersion "1"]
[SourceVersionDate "2016.10.10"]
[SourceQuality "1"]

1. e4 e5 2. Bc4 Nf6 3. d4 exd4 4. Nf3 Nxe4 5. Qxd4 Nf6 6. Bg5 Be7 7. Nc3 Nc6 8. Qh4 d6 9. 0-0-0 Be6 10. Rhe1 Bxc4 11. Bxf6 Be6 12. Bxe7 Qxe7 13. Qa4 0-0-0 14. Nb5 a6 15. Nbd4 Nxd4 16. Qxd4 c5 17. Qxg7 Rdg8 18. Qc3 Kb8 19. g3 b5 20. Nh4 Kc7 21. f4 Rd8 22. Kb1 b4 23. Qd2 Qd7 24. f5 Bc4 25. b3 Bb5 26. f6 Rde8 27. Nf3 Rxe1 28. Rxe1 Re8 29. Ng5 h6 30. Nf3 Qf5 31. Nh4 Rxe1+ 32. Qxe1 Qxf6 33. Qe4 Qe6 34. Qa8 d5 35. Qa7+ Kd8 36. Qxc5 Qe1+ 37. Kb2 Qe5+ 38. Kb1 Qe1+ 39. Kb2 1/2-1/2

[Event "EU-ch U10 26th"]
[Site "Prague"]
[Date "2016.08.24"]
[Round "6"]
[White "Wojdak, Jan"]
[Black "Kirushin, Ivan"]
[Result "1-0"]
[WhiteElo "1681"]
[BlackElo "1571"]
[PlyCount "79"]
[EventDate "2016.08.18"]
[EventType "swiss"]
[EventRounds "9"]
[EventCountry "CZE"]
[SourceTitle "CBM 174 Extra"]
[Source "ChessBase"]
[SourceDate "2016.10.10"]
[SourceVersion "1"]
[SourceVersionDate "2016.10.10"]
[SourceQuality "1"]

1. e4 c5 2. Nf3 d6 3. d4 cxd4 4. Nxd4 Nf6 5. Nc3 g6 6. Be3 Bg7 7. f3 Nc6 8. Qd2 0-0 9. 0-0-0 d5 10. Qe1 e5 11. Nxc6 bxc6 12. exd5 cxd5 13. Bg5 Bb7 14. Qxe5 h6 15. Bxf6 Bxf6 16. Qe1 Re8 17. Qd2 Rc8 18. Nb5 a6 19. Nd4 Qc7 20. Ne2 d4 21. h4 Re3 22. Ng1 Rc3 23. bxc3 dxc3 24. Qd6 Qa5 25. a3 Rd8 26. Qb4 Qe5 27. Rxd8+ Bxd8 28. Ne2 Qe3+ 29. Kb1 Qd2 30. Qxc3 Qd1+ 31. Kb2 Qd6 32. Kc1 Bc6 33. Qd3 Qf6 34. Qc3 Qd6 35. g3 Bb5 36. Nd4 Qxg3 37. Bxb5 axb5 38. Re1 Qxh4 39. Re8+ Kh7 40. Rh8+ 1-0

[Event "RUS-chT U14"]
[Site "Sochi"]
[Date "2016.05.09"]
[Round "8.1"]
[White "Saratovskiy, Dmitiy"]
[Black "Kirushin, Ivan"]
[Result "1-0"]
[WhiteElo "1938"]
[BlackElo "1625"]
[PlyCount "83"]
[EventDate "2016.05.01"]
[EventType "team-tourn"]
[EventRounds "9"]
[EventCountry "RUS"]
[SourceTitle "EXT 2018"]
[Source "ChessBase"]
[SourceDate "2017.10.13"]
[SourceVersion "1"]
[SourceVersionDate "2017.10.13"]
[SourceQuality "1"]

1. d4 e6 2. c4 b6 3. Nc3 Bb7 4. e4 Bb4 5. Bd3 Nf6 6. f3 0-0 7. Nge2 d6 8. 0-0 e5 9. d5 Kh8 10. Qe1 Nfd7 11. Ng3 Bc8 12. Kh1 Rg8 13. Nf5 Nc5 14. Bc2 Bxf5 15. exf5 Nbd7 16. Qg3 Bxc3 17. bxc3 f6 18. Qh4 Qe7 19. g4 h6 20. Rg1 e4 21. fxe4 Rae8 22. g5 Nf8 23. gxh6 gxh6 24. Bxh6 Nh7 25. Rxg8+ Rxg8 26. Rg1 Nd7 27. Bd1 Ne5 28. Bh5 Qd8 29. Rg3 Qd7 30. Bg6 Qa4 31. Be3 Qd1+ 32. Bg1 Nxg6 33. fxg6 Rg7 34. gxh7 Rxg3 35. Qxg3 Kxh7 36. Kg2 Qe2+ 37. Kh3 Qxc4 38. Bd4 Qf1+ 39. Qg2 Qd3+ 40. Kh4 Qb5 41. Bxf6 Qd7 42. Qg5 1-0